000 02031nam a2200529 i 4500
001 xx005914277
003 NUKAT
005 20260327123708.0
008 260324s1970 pl a g |000 0dpol c
035 _a(NUKAT)xx005914277
040 _aOLSZT 008/AL
_bpol
_erda
_cOLSZT 008/AL
_dOLSZT 008/AL
045 0 _b1970
046 _k1970
100 1 _aNapiórkowski, Piotr
_d(1922-2000).
_eAutor
_938871
245 1 0 _aIzba Ottona Szulca /
_cP. N.
260 _aOlsztyn :
_b[wydawca nieznany],
_c[1970].
300 _a[8] stron :
_bilustracje ;
_c18 cm.
336 _aTekst
_btxt
_2rdacontent
337 _aBez urządzenia pośredniczącego
_bn
_2rdamedia
338 _aWolumin
_bnc
_2rdacarrier
380 _aPublikacje promocyjne
380 _aLiteratura faktu, eseje, publicystyka
388 1 _a1901-2000
388 1 _a1945-1989
490 1 _aMiniatury "Pojezierza"
500 _aKryptonim autora pod tekstem, nazwa autora: Piotr Napiórkowski.
500 _aTytuł nagłówkowy.
500 _aRok wydania według Bibliografii Warmii i Mazur.
500 _aWkładka do czasopisma "Pojezierze". Wydarzenia i fakty kulturalne, Lato 1970.
510 4 _aBibliografia Warmii i Mazur 1968-1970 / opracowała Stefania Anculewicz. - Olsztyn, 1992,
_cpozycja 1586
600 1 7 _aSzulc, Otto
_d(1909-1974).
_2kaba
_938872
610 2 7 _aIzba Regionalna (Parleza Mała).
_2kaba
_938874
648 7 _a1945-1989
_2DBN
_936043
650 7 _aRzeźbiarze
_zPolska
_y20 w.
_vbiografie.
_2kaba
_938875
650 7 _aArtyści ludowi polscy
_2DBN
_938876
650 7 _aIzby muzealne
_2DBN
_938877
650 7 _aSztuka ludowa
_2DBN
_938878
651 7 _aWarmia
_2DBN
_935166
651 7 _aBiskupiec (woj. warmińsko-mazurskie, pow. olsztyński, gm. Biskupiec ; okolice)
_2DBN
_938880
655 7 _aBroszura
_2DBN
_934954
655 7 _aBiografia
_2DBN
_935059
658 _aBibliotekarstwo, archiwistyka, muzealnictwo
830 0 _aMiniatury "Pojezierza"
_938869
942 _2ddc
_cBK_NM
999 _c27252
_d27252